000 00584nam a2200205 a 4500
003 PILC
005 20160130102040.0
008 120912s19uu xx 00 eng d
020 _a9781405196338
050 _aBD 421
_b.G64 2011
100 _aGoetz, Stewart.
245 _aA brief history of the soul /
_cStewart Goetz and Charles Taliafero.
260 _aUK :
_bBlackwell Publishing,
_c2011.
300 _a228 pages ;
_c23 cm.
500 _aIncludes bibliographical references.
650 _aSoul.
700 _aTaliaferro,Charles.
942 _cBK
_2lcc
_kFOR
999 _c22197
_d22197